| 000 | 00413nam a22001697a 4500 | ||
|---|---|---|---|
| 005 | 20180801162406.0 | ||
| 008 | 160618b xxu||||| |||| 00| 0 eng d | ||
| 020 | _a81-7446-145-0 | ||
| 041 | _aeng | ||
| 082 |
_b8196 _a658.3 |
||
| 100 |
_aAll India Mgt. Association _92249 |
||
| 245 | _aBusiness - led HR Strategies | ||
| 260 |
_bExcel book _c1998 |
||
| 300 | _a175p, | ||
| 650 |
_aManagement _9241 |
||
| 942 | _cBK | ||
| 999 |
_c3150 _d3149 |
||